000 01013nas a2200301 4500
001 BR9204071
003 BR-BrBNA
005 20231205092702.0
007 ta
008 230509b bl.|||p| |||| 00| 00por d
040 _aBR-BrBNA
_bpor
_cBiblioteca Nacional de Agricultura
041 _a(Pt)
072 _aF61; Q04
100 1 _aFornasieri Filho, D.
100 1 _aVitti, G.C.
100 1 _aLam-Sanchez, A.
245 1 _aEfeitos de fontes e doses de enxofre na cultura da colza (Brassica napus L. var. oleifera). 1: producao de graos e teores de oleo e proteina
246 1 _aEffects of sources and rates of sulfur in rape (Brassica napus L. var. oleifera). 1: chemical composition of seeds
650 _aCOLZA
650 _aENXOFRE
650 _aOLEO VEGETAL
650 _aPROTEINA
650 _aCOMPOSICAO QUIMICA
650 _aGRAO
773 0 _tCientifica (Brazil)
_xISSN 0100-0039
_g(1990), v. 18(1) p. 55-60
_wBR9204071
909 _a202311
_bLúcia
_c55
_dLúcia Elande
942 _2AGRIS
_n0
_cANA
999 _c133399
_d133399